Spoken word recognition

Αποθηκεύτηκε σε:
Λεπτομέρειες βιβλιογραφικής εγγραφής
Άλλοι συγγραφείς: Frauenfelder, Uli H. (Επιμελητής έκδοσης), Tyler, Lorraine Komisarjevsky 1945- (Επιμελητής έκδοσης)
Μορφή: Βιβλίο
Γλώσσα:English
Δημοσίευση: Cambridge, Mass. : MIT Press, 1987
Έκδοση:1st MIT Press ed
Σειρά:Cognition special issues
Θέματα:
Ετικέτες: Προσθήκη ετικέτας
Δεν υπάρχουν, Καταχωρήστε ετικέτα πρώτοι!

MARC

LEADER 00000cam a2200000 i 4500
001 1/79401
008 980903r19871987 eng d
020 |a 0-262-56039-9 
035 |l 10033169 
035 |a 1988  |b 3  |c Αφένδρας 
040 |a GR-MY-UA  |b gre  |e aacr 
041 0 |a eng 
082 0 |a 153.6  |2 (19) 
245 1 0 |a Spoken word recognition /  |c edited by Uli H. Frauenfelder and Lorraine Komisarjevsky Tyler 
250 |a 1st MIT Press ed 
260 |a Cambridge, Mass. :   |b MIT Press,   |c 1987 
300 |a 242 p.;  |b ill.;  |c 23 cm 
490 1 |a Cognition special issues 
500 |a "Reprinted from Cognition ... volume 25 (1987)"--T.p. verso 
500 |a "A Bradford book." 
504 |a Includes bibliographies and index 
650 0 0 |a Speech perception. 
650 0 0 |a Word recognition. 
700 1 |a Frauenfelder, Uli H.  |4 edt 
700 1 |a Tyler, Lorraine Komisarjevsky  |d 1945-  |4 edt 
830 0 |a Cognition special issues 
852 |a INST  |b RHODES  |e 19980903  |h 153.6 SPO  |p 005400003653  |q 005400003653  |t BK  |y 0 
909 |a Ρ  |b 011884  |c 1988